00398nam a2200169Ia 4500003000400000005001700004008004100021020001800062040000700080041000800087082001700095100002200112245002400134260004000158300001700198365001300215OSt20230508112454.0210423s2007 xx 000 0 und d a9788173716256 cAL aeng a530 NEWR223 aNEWTON (Roger G). aHistory of physics. aNew DelhibUniversities Pressc2007 aviii,340bPB b395cINR